|
|
|
|
| LEADER |
00000nam0a2200000 4500 |
| 001 |
284171 |
| 005 |
20231101235653.0 |
| 035 |
|
|
|a (RuTPU)RU\TPU\book\308310
|
| 090 |
|
|
|a 284171
|
| 100 |
|
|
|a 20150212d1984 km y0rusy5003 ca
|
| 101 |
0 |
|
|a rus
|
| 102 |
|
|
|a RU
|
| 105 |
|
|
|a a z 001zy
|
| 200 |
1 |
|
|a Совершенствование управления ремонтным производством машиностроительного объединения, предприятия
|f В. В. Гранова, М. Н. Горинов, Н. Ф. Ревенко
|
| 210 |
|
|
|a Ижевск
|c Удмуртия
|d 1984
|
| 215 |
|
|
|a 147 с.
|c ил.
|
| 320 |
|
|
|a Библиогр.: с. 145-147
|
| 606 |
1 |
|
|a Машиностроительные заводы
|x Управление
|2 stltpush
|3 (RuTPU)RU\TPU\subj\41616
|9 61404
|
| 610 |
1 |
|
|a ремонтное хозяйство
|
| 610 |
1 |
|
|a планирование
|
| 610 |
1 |
|
|a критерии
|
| 610 |
1 |
|
|a требования
|
| 610 |
1 |
|
|a совершенствование
|
| 610 |
1 |
|
|a материальное стимулирование
|
| 675 |
|
|
|a 621.002:658.5
|z rus
|v 3
|
| 700 |
|
1 |
|a Гранова
|b В. В.
|g Валентина Васильевна
|4 070
|
| 701 |
|
1 |
|a Горинов
|b М. Н.
|g Михаил Николаевич
|
| 701 |
|
1 |
|a Ревенко
|b Н. Ф.
|g Николай Федорович
|
| 801 |
|
0 |
|a RU
|b RuMRKP
|c 19950704
|g psbo
|
| 801 |
|
1 |
|a RU
|b 63413507
|c 20150212
|
| 801 |
|
2 |
|a RU
|b 63413507
|c 20170530
|g RCR
|
| 942 |
|
|
|c BK
|